Open Data Biblioteca Nacional de Portugal


República Portuguesa: Ministério da Cultura
Biblioteca Nacional de Portugal

Catálogo da BNP: acesso por Identificadores Unívocos
Registos Bibliográficos associados ao registo de autoridade

Etiqueta de registo: 00000nam 2200025 450
001 1830200
003 http://id.bnportugal.gov.pt/bib/catbnp/1830200
100 ## $a20130206d2012 k y0pory01030103ba
101 0# $apor$deng
102 ## $aPT
105 ## $aa m 000yy
106 ## $ar
200 1# $aExperiência visual do vestuário$eimplicações neurológicas na conceptualização dos afectos$fAna Couto$gorient. Maria João Durão, Manuel Pais Clemente
210 #9 $aLisboa$c[s.n.],$d2012
215 ## $aXXXV, [1], 259 p.$cil.$d30 cm
215 ## $a1 disco ótico (CD-ROM) em bolsa$cil.$d13 x 13 cm
305 ## $aEd. impressa e em CD-ROM
320 ## $aBibliografia, p. 240-258
328 #1 $aTese dout. Design, Fac. de Arquitectura, Univ. Técnica de Lisboa, 2012
675 ## $a7.05(043)$vBN$zpor$3818439
675 ## $a7.01(043)$vBN$zpor$31221252
675 ## $a391(043)$vBN$zpor$3912041
700 #1 $aCouto,$bAna$31521193
702 #1 $aDurão,$bMaria João$4727$31280058
702 #1 $aClemente,$bManuel Pais $4727$31521195
801 #0 $aPT$bBN$gRPC
966 ## $lBN$mDEM$sB.A. 9370 P.$x1
966 ## $lBN$mFGMON$sB.A. 35669 V.$x1

Etiqueta de registo: 00230nam 2200025 450
001 1827253
003 http://id.bnportugal.gov.pt/bib/catbnp/1827253
100 ## $a20130104d2012 k y0pory0103 ba
101 0# $apor geng$deng
102 ## $aPTPT
105 ## $aa m 000yy
106 ## $ar
200 1# $aNovas estratégias de design para o desenvolvimento de revestimentos cerâmicos$e o azulejo como caso de estudo$fCarla Maria D'Abreu Lobo Ferreira$gorient. Maria João de Carvalho Durão dos Santos, Fernando José Carneiro Moreira da Silva
210 #9 $aLisboa$c[s.n.],$d2012
215 ## $aXLII, 416 p.$cil.$d30 cm
215 ## $a1 disco óptico (CD-ROM) em caixa$cil.$d13 x 14 x 1 cm
305 ## $aEd. impressa e em CD-ROM
320 ## $aBibliografia, p. 371-416
328 #1 $aTese dout. Design, Fac. de Arquitectura, Univ. Técnica de Lisboa, 2012
675 ## $a72.012(043)$vBN$zpor$31252696
675 ## $a666.71.015/.022(043)$vBN$zpor$31517338
675 ## $a738.81.05(043)$vBN$zpor$31517337
675 ## $a666.71.03/.05(043)$vBN$zpor$31517336
700 #1 $aFerreira,$bCarla Maria de Abreu Lobo$31282443
702 #1 $aDurão,$bMaria João$4727$31280058
702 #1 $aSilva,$bFernando Moreira da,$f1954-$4727$31280048
801 #0 $aPT$bBN$gRPC
966 ## $lBN$mDEM$sB.A. 9306 P.$x1
966 ## $lBN$mFGMON$sB.A. 35440 V.$x1

Etiqueta de registo: 00230nam 2200025 450
001 1817291
003 http://id.bnportugal.gov.pt/bib/catbnp/1817291
100 ## $a20120814d2011 k y0pory01030103ba
101 0# $apor$deng
102 ## $aPT
105 ## $aa m 000yy
106 ## $ar
200 1# $a A invisibilidade dos objectos$edesign, arte, apropriação, autoria e circulação na era da informação$fLuís Miguel Rodrigues Liberal Alegre da Silva$gorient. José A. Bragança de Miranda, Maria João Durão
210 #9 $aLisboa$c[s.n.],$d2011
215 ## $a456 p.$cil.$d30 cm
215 ## $a1 disco óptico (CD-ROM) em capa$cil.$d13 x 14 cm
305 ## $aEd. impressa e em CD-ROM
320 ## $aContém bbliografia
328 #1 $aTese dout. Design, Fac. de Arquitectura, Univ. de Lisboa, 2011
675 ## $a7.05(043)$vBN$zpor$3818439
675 ## $a7.01(043)$vBN$zpor$31221252
700 #1 $aSilva,$bLuís Miguel,$f1969- $31306919
702 #1 $aDurão,$bMaria João$4727$31280058
702 #1 $aMiranda,$bJosé Bragança de$4727$3171696
801 #0 $aPT$bBN$gRPC
966 ## $lBN$mDEM$sB.A. 9130 P.$x1
966 ## $lBN$mFGMON$sB.A. 34693 V.$x1

Etiqueta de registo: 00230nam 2200025 450
001 1812032
003 http://id.bnportugal.gov.pt/bib/catbnp/1812032
100 ## $a20120518d2012 k y0pory0103 ba
101 0# $apor$deng
102 ## $aPT
105 ## $ay m 000yy
106 ## $ar
200 1# $a A cor como forma do espaço definida no tempo$fJoão Nuno Fernão$gorient. Maria João Durão
210 #9 $aLisboa$c[s.n.]$d2012
215 ## $a313 f.$cil.$d30 cm$eanexos: 1 disco óptico (CD-ROM) [na última página]
215 ## $a1 disco óptico (CD-ROM) em caixa$d13 x 14 x 1 cm
305 ## $aEd. impressa e em CD-ROM
320 ## $aContém bibliografia
328 #1 $aTese dout. Arquitectura, Fac. de Arquitectura, Univ. de Lisboa, 2012
675 ## $a7.01(043)$vBN$zpor$31221252
675 ## $a72.01(043)$vBN$zpor$31217216
700 #1 $aFernão,$bJoão Nuno,$f1963-$31494291
702 #1 $aDurão,$bMaria João$4727$31280058
801 #0 $aPT$bBN$gRPC
966 ## $lBN$mDEM$sB.A. 9004 P.$x1
966 ## $lBN$mFGMON$sB.A. 34199 V.$x1

Etiqueta de registo: 00230nam 2200025 450
001 1743643
003 http://id.bnportugal.gov.pt/bib/catbnp/1743643
100 ## $a20100420d2008 k y0pory0103 ba
101 0# $apor
102 ## $aPT
105 ## $aa m 001yy
106 ## $ar
200 1# $a As cores do Porto$bTexto policopiado]$fHelena Teresa Correia Soares$gorient. Maria João Durão dos Santos, Jean-Philippe Lenclos
210 #9 $aLisboa$c[s.n.],$d2008
215 ## $aXIX, 224 f.$cil.$d30 cm$eanexo 1 disco óptico (CD-ROM)
320 ## $aBibliografia, f. 221-224
328 #0 $bTese mestr.$cCor na Arquitectura$eFac. de Arquitectura, Univ. Lisboa$d2008
675 ## $a535-2(469.121)(043)$vBN$zpor$31422003
675 ## $a72.017(469.121)(043)$vBN$zpor$31421999
675 ## $a711.4.017(469.121)(043)$vBN$zpor$31421996
700 #1 $aSoares,$bHelena Teresa Correia$31418116
702 #1 $aDurão,$bMaria João$4727$31280058
702 #1 $aLenclos,$bJean-Philippe$4727$31418118
712 02 $aUniversidade Técnica de Lisboa.$bFaculdade de Arquitectura$4295$344103
801 #0 $aPT$bBN$gRPC
966 ## $lBN$mFGMON$sB.A. 31456 V.$x1

Etiqueta de registo: 00230nam 2200025 450
001 1730189
003 http://id.bnportugal.gov.pt/bib/catbnp/1730189
100 ## $a20091117d2008 k y0pory0103 ba
101 0# $apor
102 ## $aPT
105 ## $aa m 001yy
106 ## $ar
200 1# $a A ergonomia da cor na web$einterface vs utilizador$fAna Sofia Romão Louro$gorient. Maria João Durão
210 #9 $aLisboa$c[s.n.],$d2008
215 ## $aX, 151, XXXV f.$cil.$d30 cm$eagradecimentos ([1] f.)
320 ## $aBibliografia, f. 146-151
328 #1 $aTese mestr. Design Gráfico, Fac. de Arquitectura da Univ. Técnica de Lisboa, 2008
675 ## $a7.05(043)$vBN$zpor$90$3818439
675 ## $a159.93(043)$vBN$zpor$3325882
675 ## $a535.6(043)$vBN$zpor$31269655
675 ## $a004.51(043)$vBN$zpor$31026873
700 #1 $aLouro,$bAna Sofia Romão,$f1980-$31399920
702 #1 $aDurão,$bMaria João$4727$31280058
801 #0 $aPT$bBN$gRPC
966 ## $lBN$mFGMON$sB.A. 30739 V.$x1

Etiqueta de registo: 00230nam 2200025 450
001 1717478
003 http://id.bnportugal.gov.pt/bib/catbnp/1717478
100 ## $a20090701d2006 k y0pory0103 ba
101 0# $apor$deng
102 ## $aPT
105 ## $aa m 001yy
106 ## $ar
200 1# $a O grafismo dos cartazes político-partidários em Portugal$bTexto policopiado]$e1969-1980$fMargarida Rosa Bôto dos Santos$gorient. Maria João Durão dos Santos, José Francisco da Mota Sampaio Brandão
210 #9 $aLisboa$c[s.n.],$d2006
215 ## $aXIII, 214 f.$cil.$d30 cm$e1 disco óptico (CD-ROM) em bolsa
320 ## $aBibliografia, f. 183-196
328 #0 $bTese mestr.$cDesign$eFac. de Arquitectura, Univ. Técnica de Lisboa$d2006
675 ## $a7.05(043)$vBN$zpor$3818439
675 ## $a7.04(469)"1969/1980"(043)$vBN$zpor$31389248
675 ## $a32.019.5(469)"1969/1980"(043)$vBN$zpor$31389247
675 ## $a766((=1:469)"1969/1980"(043)$vBN$zpor$31389246
700 #1 $aSantos,$bMargarida Rosa Bôto dos$31383286
702 #1 $aDurão,$bMaria João$4727$31280058
702 #1 $aBrandão,$bJosé,$f1944-2025$4727$316934
712 02 $aUniversidade Técnica de Lisboa.$bFaculdade de Arquitectura$4295$344103
801 #0 $aPT$bBN$gRPC
966 ## $lBN$mFGMON$sB.A. 30004 V.$x1

Etiqueta de registo: 00000nam 2200025 450
001 1977698
003 http://id.bnportugal.gov.pt/bib/catbnp/1977698
100 ## $a20171204d2017 k y0pory01030103ba
101 0# $aeng$dpor
102 ## $aPT
105 ## $aa m 000yy
106 ## $ar
200 1# $aCore values and principles generators of significance in architecture, painting and sculpture$fSarah Frances Dias$gorient. Maria João Durão, Michel Toussaint
210 #9 $aLisboa$c[s.n.],$d2017
215 ## $a2 v.$cil.$d30 cm
328 #1 $aTese dout. Arquitetura (Teoria e Prática), Fac. Arquitetura, Univ. Lisboa, 2017
675 ## $a7.01(043)$vBN$zpor$31221252
675 ## $a72.012(043)$vBN$zpor$31252696
675 ## $a730.01(043)$vBN$zpor$31698848
675 ## $a75.01(043)$vBN$zpor$3301379
700 #1 $aDias,$bSarah Frances,$f1986-$31659758
702 #1 $aDurão,$bMaria João$4727$31280058
702 #1 $aToussaint,$bMichel,$f1946-$4727$386218
801 #0 $aPT$bBN$gRPC
966 ## $b001$d1º v.$lBN$mFGMON$sB.A. 42330 V.$x1
966 ## $b001$d2º v.$lBN$mFGMON$sB.A. 42331 V.$x1

Etiqueta de registo: 00230nam 2200025 450
001 1560952
003 http://id.bnportugal.gov.pt/bib/catbnp/1560952
100 ## $a20070112d2005 k y0pory0103 ba
101 0# $apor
102 ## $aPT
105 ## $aa m 001yy
106 ## $ar
200 1# $a A interpretação da realidade como variação da cor pela luz no espaço e no tempo$bTexto policopiado]$fJoão Nuno Pernão$gorient. Maria João Durão
210 #9 $aLisboa$c[s.n.],$d2005
215 ## $aIX, 200 f.$cil.$d30 cm
320 ## $aBibliografia, f. 175-179
328 #0 $bTese mestr.$cA Cor na Arquitectura$eFac. de Arquitectura, Univ. Técnica de Lisboa$d2005
606 ## $aCores$xPercepção visual$xInfluências da luz$j[Teses]$2SIPOR$31325791
606 ## $aCores$xPercepção visual$j[Teses]$2SIPOR$31325790
675 ## $a7.017(043)$vBN$zpor$31323349
675 ## $a72.017(043)$vBN$zpor$31324881
675 ## $a159.93(043)$vBN$zpor$3325882
700 #1 $aPernão,$bJoão Nuno$31280057
702 #1 $aDurão,$bMaria João$4727$31280058
712 02 $aUniversidade Técnica de Lisboa.$bFaculdade de Arquitectura$4295$344103
801 #0 $aPT$bBN$gRPC
966 ## $lBN$mFGMON$sB.A. 27416 V.$x1

Etiqueta de registo: 00230nam 2200025 450
001 1560958
003 http://id.bnportugal.gov.pt/bib/catbnp/1560958
100 ## $a20070112d2005 k y0pory0103 ba
101 0# $apor $deng
102 ## $aPT
105 ## $aa m 000yy
106 ## $ar
200 1# $a A cor na formação do designer$bTexto policopiado]$fMargarida Maria Allen Gamito$gorient. Maria João Durão
210 #9 $aLisboa$c[s.n.],$d2005
215 ## $aXIV, 210 f.$cil.$d30 cm$e1 disco óptico (CD-ROM) em bolsa de resguardo
320 ## $aContém bibliografia, f. 137-145
328 #0 $bTese mestr.$cCor na Arquitectura$eFac. de Arquitectura, Univ. Técnica de Lisboa$d2005
606 ## $aDesign$xEnsino/aprendizagem$j[Teses]$2SIPOR$31323348
606 ## $aDesign$xImportância das cores$j[Teses]$2SIPOR$31323347
675 ## $a7.05(043)$vBN$zpor$3818439
675 ## $a37.02(043)$vBN$zpor$3472581
675 ## $a7.017(043)$vBN$zpor$31323349
700 #1 $aGamito,$bMargarida Maria Allen$31280121
702 #1 $aDurão,$bMaria João$4727$31280058
712 02 $aUniversidade Técnica de Lisboa.$bFaculdade de Arquitectura$4295$344103
801 #0 $aPT$bBN$gRPC
966 ## $lBN$mFGMON$sB.A. 27351 V.$x1

Etiqueta de registo: 00000nam 2200025 450
001 1881288
003 http://id.bnportugal.gov.pt/bib/catbnp/1881288
100 ## $a20140811d2014 k y0pory01030103ba
101 0# $apor$deng
102 ## $aPT
105 ## $aa m 000yy
106 ## $ar
200 1# $aCo-design em acções de pintura em fachadas residenciais$eexpressão das identidades individuais e colectivas na construção do espaço público$fMaria Verónica Conte de Morais Fernandes$gorient. Maria João de Carvalho Durão dos Santos, José Luis Ricardo Caivano
210 #9 $aLisboa$c[s.n.],$d2014
215 ## $a266, [1] p.$cil.$d30 cm$eanexos: 1 disco óptico (CD-ROM) em envelope
215 ## $a1 disco ótico (CD-ROM) em bolsa$d13 x 13 cm
305 ## $aEd. impressa e em CD-ROM
320 ## $aBibliografia, p. 237-266
328 #1 $aTese dout. Design, Fac. de Arquitetura, Univ. de Lisboa, 2014
675 ## $a7.05(043)$vBN$zpor$3818439
675 ## $a728.01(043)$vBN$zpor$31586435
700 #1 $aFernandes,$bMaria Verónica Conte de Morais,$f1977-$31305301
702 #1 $aDurão,$bMaria João$4727$31280058
702 #1 $aCaivano,$bJosé Luis Ricardo$4727$31582835
801 #0 $aPT$bBN$gRPC
966 ## $lBN$mDEM$sB.A. 9875 P.$x1
966 ## $lBN$mFGMON$sB.A. 37738 V.$x1

Etiqueta de registo: 00000nam 2200025 450
001 1950857
003 http://id.bnportugal.gov.pt/bib/catbnp/1950857
100 ## $a20161215d2016 k y0pory01030103ba
101 0# $apor$deng
102 ## $aPT
105 ## $aa m 000yy
106 ## $ar
200 1# $a A cor no processo criativo$e o espaço da cor no desenho de arquitetura$fNatacha Antão Moutinho$gorient. Luísa d'Orey Capucho Arruda, Maria João de Carvalho Durão dos Santos, Paulo Oliveira Freire Almeida
210 #9 $aLisboa$c[s.n.],$d2016
215 ## $aXIII, 280 p.$cil.$d30 cm
328 #1 $aTese dout. Belas-Artes (Desenho), Faculdade de Belas-Artes, Universidade de Lisboa, 2016
675 ## $a72.017(043)$vBN$zpor$31324881
700 #1 $aMoutinho,$bNatacha Antão$31432138
702 #1 $aArruda,$bLuísa de Orey Capucho,$f1949-$4727$3114776
702 #1 $aDurão,$bMaria João$4727$31280058
702 #1 $aAlmeida,$bPaulo Freire de$4727$31402867
801 #0 $aPT$bBN$gRPC
966 ## $lBN$mFGMON$sB.A. 41222 V.$x1

Etiqueta de registo: 00000nam 2200025 450
001 2027508
003 http://id.bnportugal.gov.pt/bib/catbnp/2027508
100 ## $a20190813d2019 k y0pory01030103ba
101 0# $apor$deng
102 ## $aPT
105 ## $aa m 000yy
106 ## $ar
200 1# $aDesign de salas de terapia em escolas inclusivas$fJoana Perry da Câmara de Carvalho Saes$gorient. Maria João de Carvalho Durão dos Santos, Rita Assoreira Almendra
210 #9 $aLisboa$c[s.n.],$d2019
215 ## $a325, [143] p.$cil.$d30 cm
328 #1 $aTese dout. Design, Fac. de Arquitetura, Univ. de Lisboa, 2019
675 ## $a7.05(043)$vBN$zpor$3818439
675 ## $a376(043)$vBN$zpor$3288047
675 ## $a371.64/.69(043)$vBN$zpor$31231412
675 ## $a371.63(043)$vBN$zpor$31562988
700 #1 $aSaes,$bJoana Perry da Câmara de Carvalho$31759975
702 #1 $aDurão,$bMaria João$4727$31280058
702 #1 $aAlmendra,$bRita Assoreira$4727$31192278
801 #0 $aPT$bBN$gRPC
966 ## $lBN$mFGMON$sB.A. 44751 V.$x1

Etiqueta de registo: 00000nam 2200025 450
001 2137298
003 http://id.bnportugal.gov.pt/bib/catbnp/2137298
010 ## $a978-989-755-653-1
021 ## $aPT$b486762/21
100 ## $a20230711d2021 km y0pory01030103ba
101 0# $aeng
102 ## $aPT
105 ## $aa z 000yy
106 ## $ar
200 1# $aColour, urban space architecture and design$fed. Maria João Durão$grev. linguístico Richard Sidaway
205 ## $a1st ed
210 #9 $aRibeirão$cHúmus...[etc.],$d2021
215 ## $a174 p.$d24 cm
675 ## $a72.03/.04(042)$vBN$zpor$31888320
675 ## $a711.4/.5(042)$vBN$zpor$3964484
675 ## $a7.05(042)$vBN$zpor$3922018
675 ## $a721(042)$vBN$zpor$31888325
700 #1 $aDurão,$bMaria João$31280058
702 #1 $aSidaway,$bRichard$4695$31678382
801 #0 $aPT$bBN$gRPC
856 41 $uhttp://rnod.bnportugal.gov.pt/ImagesBN/winlibimg.aspx?skey=&doc=2137298&img=181470&save=true
900 ## $aBIBNAC$d20230726
966 ## $lBN$mFGMON$sB.A. 49220 V.$x1
966 ## $lBN$mFGMON$sB.A. 49220 V.-D$x1
971 ## $corlando$d20230711
972 ## $e0$z0$d20230726$vasantos
973 ## $cmcarvalho$d20230718

Etiqueta de registo: 00254nam 2200025 450
001 2137230
003 http://id.bnportugal.gov.pt/bib/catbnp/2137230
010 ## $a978-989-755-651-7
021 ## $aPT$b486763/21
100 ## $a20230710d2021 km y0pory01030103ba
101 0# $apor
102 ## $aPT
105 ## $aa z 000yy
106 ## $ar
200 1# $aCor, espaço urbano, arquitectura e design$fed. Maria João Durão$grev. linguística Lili Cavaleiro, José Duarte
205 ## $a1ª ed
210 #9 $aRibeirão$cHúmus... [et al.],$d2021
215 ## $a174 p.$cil.$d24 cm
675 ## $a72.03/.04(042)$vBN$zpor$31888320
675 ## $a711.4/.5(042)$vBN$zpor$3964484
675 ## $a7.05(042)$vBN$zpor$3922018
675 ## $a721(042)$vBN$zpor$31888325
702 #1 $aDurão,$bMaria João$4340$31280058
702 #1 $aCavaleiro,$bLili$4695$31887446
702 #1 $aDuarte,$bJosé Alberto Olivença$4695$31451793
801 #0 $aPT$bBN$gRPC
856 41 $uhttp://rnod.bnportugal.gov.pt/ImagesBN/winlibimg.aspx?skey=&doc=2137230&img=181509&save=true
900 ## $aBIBNAC$d20230726
966 ## $lBN$mFGMON$sB.A. 49216 V.$x1
966 ## $lBN$mFGMON$sB.A. 49216 V.-D$x1
971 ## $cdpenetra$d20230710
972 ## $e0$z0$d20230726$vasantos
973 ## $cmcarvalho$d20230718

Etiqueta de registo: 00254nam 2200025 450
001 2228815
003 http://id.bnportugal.gov.pt/bib/catbnp/2228815
100 ## $a20251015d2025 k y0pory01030103ba
101 0# $apor$deng
102 ## $aPT
105 ## $aa m 000yy
106 ## $ar
200 1# $aEscola como espaço de jogo$epedagogias alternativas para o ensino superior em design$fMarta Luísa Guerra Belo$gorient. Luís Alegre da Silva, Maria João Durão
210 #9 $aLisboa$c[s.n.],$d2025
215 ## $a720 p.$cil.$d30 cm
328 #1 $aTese dout. Design, Faculdade de Arquitetura, Universidade de Lisboa, 2025
675 ## $a7.05(469.411)(043)$vBN$zpor$31207281
675 ## $a378.14(469.411)(043)$vBN$zpor$31226477
700 #1 $aBelo,$bMarta Luísa Guerra$31969216
702 #1 $aSilva,$bLuís Miguel,$f1969- $4727$31306919
702 #1 $aDurão,$bMaria João$4727$31280058
801 #0 $aPT$bBN$gRPC
966 ## $lBN$mFGMON$sS.C. 167790 V.$x1
971 ## $cssilva$d20251015
973 ## $caalmeid$d20251021
975 ## $e0$d20251029$viquintas

Etiqueta de registo: 00254nam 2200025 450
001 2284688
003 http://id.bnportugal.gov.pt/bib/catbnp/2284688
010 ## $a978-989-33-9196-9
021 ## $aPT$b559460/26
100 ## $a20260417d2026 m y0pory01030103ba
101 0# $apor
102 ## $aPT
105 ## $aa z 000yy
106 ## $ar
200 1# $aRevisitando a Terra verde$fdes. Maria João Durão
205 ## $a1ª ed
210 #9 $a[S.l.]$cRui Castela,$d2026
215 ## $a85, [1] p.$cil.$d25 cm
701 #1 $aDurão,$bMaria João$4440$31280058
801 #0 $aPT$bBN$gRPC
966 ## $lBN$mFGMON$x1
971 ## $cssilva$d20260417

OpendataBNP@bnportugal.pt | Mais informação sobre acesso aos dados BNP